| 000 | 00477nam a2200169 4500 | ||
|---|---|---|---|
| 001 | 110488 | ||
| 003 | ES-MaACL | ||
| 005 | 20230906185049.0 | ||
| 007 | t| | ||
| 008 | 061121s1964 sp r ||||1| spa d | ||
| 100 | 1 |
_aMolinari, Víctor Luis. _981976 |
|
| 245 | 1 | 3 |
_aLa raiz en el canto / _cVíctor Luis Molinari. |
| 260 |
_aMadrid [etc.] : _bCelta, _c1964. |
||
| 300 |
_a49 p. ; _c22 cm. |
||
| 852 |
_aES-MaACL _j2042-F-8 _bR.54825 |
||
| 852 |
_aES-MaACL _j2092-F-22 _bR.91073 |
||
| 999 |
_c110488 _d110488 |
||